000 00367nam a22001217a 4500
082 _a200 THE
100 _aJaveria Almas
_973271
245 _aTH-SOF-1833-Research Papers Recommender System Based on Latent Semantic Analysis
260 _aISLAMABAD
_bNUST COLLEGE OF EME
_c2020
650 _aMS-CSE-17
700 _aSupervisor Dr Usman Qamar
_969693
942 _cCF
_2ddc
999 _c579074
_d579074